Word Ladder: Historic Hair Quiz Stats

 Plays Quiz Updated Jul 7, 2016

Challenge
Share
Tweet
Embed
Score 0/20 Timer 02:00
1 Play Today
Hint 4-Letter Word % Correct
Shopping centerMALL
97%
5280 feetMILE
95.9%
Place to grind grain into flourMILL
95.4%
30% off or 'buy one, get one free', e. g.SALE
95.2%
IdenticalSAME
94.9%
Disney rodents: Chip and ____DALE
94.2%
Work supervisorBOSS
91.6%
Lowest male vocal partBASS
90.2%
AchySORE
88.1%
❇ Species of North American sheep ❇✄ DALL ✄
85.1%
Hint 4-Letter Word % Correct
2009 film: 'The Blind ____'SIDE
84.6%
Foal's fatherSIRE
83.6%
❇ Graphic violence and viscera, like in horror movies ❇✄ GORE ✄
83.2%
❇ Happening in the near future ❇✄ SOON ✄
80.6%
Shepard, Raimi, and Rockwell, e. g.SAMS
79.7%
Wicked, foul, or nastyVILE
78.8%
❇ Rudeness, cheek ❇✄ SASS ✄
78.4%
Utterances showing disdainBOOS
71%
Bonus or blessingBOON
70.9%
❇ French for 'empty,'; Latin for 'see, look' ❇✄ VIDE ✄
68.5%

Today's Daily Dose

You're not logged in!

Compare scores with friends on all Sporcle quizzes.
OR
Log In

You Might Also Like...

Show Comments

Extras

Top Quizzes Today


Score Distribution

Your Account Isn't Verified!

In order to create a playlist on Sporcle, you need to verify the email address you used during registration. Go to your Sporcle Settings to finish the process.

Report this User

Report this user for behavior that violates our Community Guidelines.

Details: